Les 5 Capitales les plus proches de Sarajevo, Belgrade, Zagreb, Ljubljana et Budapest - Statistiques

Statistiques générales
  • Ce quiz a été pris 113 fois
  • Le résultat moyen est 11 sur 12
Statistiques - réponses
Réponse % Correct
Belgrade
98%
Zagreb
98%
Budapest
96%
Vienne
94%
Ljubljana
92%
Sarajevo
92%
Tirana
90%
Bratislava
87%
Skopje
87%
Pristina
82%
Podgorica
81%
Saint-Marin
64%
Aucun quiz correspondant
Distribution des résultats
% des personnes avec chaque résultat
Percentile par nombre de réponses
Votre historique - résultats
Vous n’avez pas pris ce quiz